000 00298nam a2200109Ia 4500
008 200302s9999 xx 000 0 und d
100 _aAuthor
245 _aStandard Method of Measurement of Building Works
260 _bThe Royal Institution of Chartered Surveyors
260 _c1964
300 _a109 P.,
999 _c242
_d242